000 00444nam a2200121Ia 4500
008 220620s9999||||xx |||||||||||||| ||und||
245 0 _aEthnographies of Waiting
_bDoubt, Hope and Uncertainty
546 _aEnglish[eng]
650 _aAnthropology||Social and cultural anthropology||Sociology
700 _aJaneja, Manpreet K.||Bandak, Andreas
856 _uhttps://library.oapen.org/bitstream/20.500.12657/42781/1/9781000183764.pdf
942 _cEB
999 _c35256
_d35256